| 000 | 00400nam a22001337a 4500 | ||
|---|---|---|---|
| 082 |
_a363.7392 _bHAN _cD |
||
| 245 | _aHandbook for the Montreal protocol on substances that deplete the ozone layer | ||
| 250 | _a3rd ed. | ||
| 260 |
_aThe world bank Washington, d.c. _cAugust, 1993 |
||
| 300 |
_a170 p.: _c30 cm. |
||
| 526 |
_a0 _b0 _c0 _d363_739200000000000_HAN |
||
| 650 | _aMCE (D) | ||
| 942 |
_2ddc _cBK |
||
| 999 |
_c542850 _d542850 |
||